00432nam a2200157Ia 4500008004100000020001400041082001200055100002400067245005300091250000700144260003700151300002700188500001900215600002000234650002000254240925s9999 xx 000 0 und d a205174108 a362 HAR aHardman ,Michael L. 0aHuman Exceptionality: society, school and family aNA aBoston:bAllyn and Baconc,1996. axv,704p.bNAfOriginal aIncludes Index aSocial Sciences aSocial Sciences